000
00277nam a2200109Ia 4500
008
190216s9999||||xx |||||||||||||| ||und||
100
_a
Ivan Nirani
245
3
_a
An Introduction To The Theory Of Numbers
260
_b
Pai & Company
_c
2008
650
_a
Mathematics
942
_c
BK
999
_c
30594
_d
30594